Statistics for Johnny Depp Movies

Click here to take the quiz!

General Stats

  • This quiz has been taken 63 times
    (10 since last reset)
  • The average score is 18 of 77

Answer Stats

YearMovie% Correct
1990Edward Scissorhands
67%
2010Alice in Wonderland
56%
1984A Nightmare on Elm Street
56%
2005Charlie and the Chocolate Factory
56%
2006The Pirates of the Caribbean: Dead Man's Chest
56%
2003The Pirates of the Caribbean: The Curse of the Black Pearl
56%
2016Alice Through the Looking Glass
44%
2000Chocolat
44%
1990Cry-Baby
44%
1997Donnie Brasco
44%
2016Fantastic Beasts and Where to Find Them
44%
1998Fear and Loathing in Las Vegas
44%
1999Sleepy Hollow
44%
1993What's Eating Gilbert Grape
44%
201221 Jump Street
33%
2001Blow
33%
2005Corpse Bride
33%
1994Ed Wood
33%
2004Finding Neverland
33%
2017Murder on the Orient Express
33%
2009Public Enemies
33%
2007Sweeny Todd: The Demon Barber of Fleet Street
33%
1999The Ninth Gate
33%
2007The Pirates of the Caribbean: At World's End
33%
2011The Pirates of the Caribbean: On Stranger Tides
33%
1993Benny and Joon
22%
2015Black Mass
22%
2018City of Lies
22%
2012Dark Shadows
22%
1995Dead Man
22%
1994Don Juan DeMarco
22%
2018Fantastic Beasts: The Crimes of Grindelwald
22%
2014Into the Woods
22%
2013Lucky Them
22%
2020Minamata
22%
2015Mortdecai
22%
1995Nick of Time
22%
2003Once Upon A Time in Mexico
22%
1986Platoon
22%
2011Rango
22%
2018Sherlock Gnomes
22%
1986Slow Burn
22%
1997The Brave
22%
2009The Imaginarium of Doctor Parnassus
22%
2004The Libertine
22%
2013The Lone Ranger
22%
2014Transcendence
22%
2014Tusk
22%
2019Waiting For the Barbarians
22%
2016Yoga Hosers
22%
1993Arizona Dream
11%
2000Before Night Falls
11%
1997Cannes Man
11%
1991Freddy's Dead: The Final Nightmare
11%
2001From Hell
11%
2004Happily Ever After
11%
2011Hugo
11%
1998L.A. Without A Map
11%
2018London Fields
11%
2004Secret Window
11%
1999The Astronaut's Wife
11%
2000The Man Who Cried
11%
2017The Pirates of the Caribbean: Dead Men Tell No Tales
11%
2018The Professor
11%
2011The Rum Diary
11%
20177 Days, 7 Girls
0%
2003Big Fish
0%
2017Captain Jokes Parrot's Disaster of the Caribbean
0%
2016Donald Trump's The Art of the Deal: The Movie
0%
2012On the Road
0%
1985Private Resort
0%
2009Stuntmen
0%
2010The Rooneys
0%
2017The Sunset Jam
0%
2010The Tourtist
0%
2009Unlovable
0%
TBDUntitled Johnny Depp/Louis XV Film
0%

Score Distribution

Percentile by Number Answered

Percent of People with Each Score

Your Score History

You have not taken this quiz since the last reset